00476nam a2200085Ia 4500008004100000245002400041300024500065650002800310856005200338170517s9999 xx 000 0 und d 4aThe Food Speculator aAssuming the role of a speculator, director Kees Brouwer tries to find out whether he is merely taking advantage of the opportunity offered to investors by the food scarcity, or that, through this abstract world of financial products, he... xBusiness and Economics. uhttp://topdocumentaryfilms.com/food-speculator/